[Event "EU-ch (Women) 24th"]
[Site "Rhodes"]
[Date "2024.04.21"]
[Round "3"]
[White "Garcia Martin, Marta"]
[Black "Levitan, Ronit"]
[Result "1-0"]
[WhiteElo "2349"]
[BlackElo "2187"]
[PlyCount "64"]
[EventDate "2024.04.19"]
[EventType "swiss"]
[EventRounds "10"]
[EventCountry "GRE"]
[SourceTitle "CB18_2024"]
[SourceDate "2024.05.01"]
[SourceVersion "1"]
[SourceVersionDate "2024.05.01"]
[SourceQuality "2"]

1. e4 e5 2. Nf3 Nc6 3. Bb5 a6 4. Ba4 Nf6 5. 0-0 b5 6. Bb3 Bc5 7. c3 d6 8. a4 Rb8 9. d4 Bb6 10. a5 Ba7 11. h3 0-0 12. Be3 Ra8 13. Re1 h6 14. Nbd2 Re8 15. Bc2 Bb7 16. Bb1 exd4 17. cxd4 Nb4 18. d5 Bxe3 19. Rxe3 c5 20. Nf1 Nh5 21. Qd2 Qd7 22. g4 Nf4 23. Nh4 Nxh3+ 24. Rxh3 Qxg4+ 25. Kh2 Bc8 26. Raa3 Qg5 27. f4 Qf6 28. f5 Ra7 29. Rag3 Rae7 30. Ne3 h5 31. Nhg2 Qd4 32. Qe2 Qxd5 1-0

[Event "London Menchik Memorial 8th"]
[Site "London"]
[Date "2024.03.24"]
[Round "5"]
[White "Garcia Martin, Marta"]
[Black "Sivanandan, Bodhana"]
[Result "1/2-1/2"]
[WhiteElo "2356"]
[BlackElo "2088"]
[PlyCount "131"]
[EventDate "2024.03.22"]
[EventType "tourn"]
[EventRounds "9"]
[EventCountry "ENG"]
[SourceTitle "CB13_2024"]
[SourceDate "2024.03.27"]
[SourceVersion "1"]
[SourceVersionDate "2024.03.27"]
[SourceQuality "1"]

1. e4 c6 2. d4 d5 3. f3 dxe4 4. fxe4 e5 5. Nf3 Bg4 6. c3 Nd7 7. Be2 Bd6 8. Nbd2 Ne7 9. Nc4 Bc7 10. Qb3 b5 11. Ncxe5 Nxe5 12. Nxe5 Be6 13. Qc2 Bxe5 14. dxe5 0-0 15. Be3 Ng6 16. 0-0 Re8 17. b3 Qc7 18. a4 a6 19. Ra3 Qxe5 20. Bd4 Qg5 21. Qc1 Qh4 22. Re1 Nf4 23. Bf1 Ng6 24. b4 Bc4 25. Bxc4 bxc4 26. Qe3 Rad8 27. Ra2 Re6 28. Rf2 Rde8 29. Qf3 Qe7 30. Rfe2 h6 31. e5 Qg5 32. g3 Nxe5 33. Bxe5 Rxe5 34. Rxe5 Rxe5 35. Rf1 Qe3+ 36. Kg2 Qxf3+ 37. Rxf3 Re2+ 38. Kh3 Rc2 39. Rf5 Rxc3 40. Rc5 Ra3 41. a5 c3 42. Rxc6 Rb3 43. Rxa6 Rxb4 44. Rc6 Ra4 45. a6 c2 46. Rxc2 Rxa6 47. Kg2 g5 48. Kf3 Kg7 49. h4 f5 50. hxg5 hxg5 51. g4 Ra3+ 52. Kf2 f4 53. Rc5 Kf6 54. Rc6+ Ke5 55. Rc5+ Kd4 56. Rxg5 Ke4 57. Rg8 Ra2+ 58. Ke1 f3 59. g5 Ke3 60. Re8+ Kf4 61. g6 Ra1+ 62. Kf2 Ra2+ 63. Kf1 Ra1+ 64. Kf2 Ra2+ 65. Kf1 Ra1+ 66. Kf2 1/2-1/2

[Event "London Menchik Memorial 8th"]
[Site "London"]
[Date "2024.03.24"]
[Round "6"]
[White "Subramanian, Anusha"]
[Black "Garcia Martin, Marta"]
[Result "1/2-1/2"]
[WhiteElo "1997"]
[BlackElo "2356"]
[PlyCount "158"]
[EventDate "2024.03.22"]
[EventType "tourn"]
[EventRounds "9"]
[EventCountry "ENG"]
[SourceTitle "CB13_2024"]
[SourceDate "2024.03.27"]
[SourceVersion "1"]
[SourceVersionDate "2024.03.27"]
[SourceQuality "1"]

1. b3 d5 2. Bb2 Bg4 3. Nf3 Nd7 4. d4 e6 5. e3 Ngf6 6. h3 Bh5 7. Be2 c6 8. 0-0 Bd6 9. Nbd2 Qe7 10. Ne5 Bxe2 11. Qxe2 Ba3 12. Bxa3 Qxa3 13. Ndf3 0-0 14. c4 Nb8 15. Nd3 Na6 16. Nfe5 Ne4 17. Qb2 Qe7 18. Rac1 f6 19. Nf3 Kh8 20. Nd2 Rad8 21. cxd5 exd5 22. Nxe4 dxe4 23. Nc5 Nb4 24. Qd2 Nd5 25. f3 exf3 26. Rxf3 b6 27. Nd3 Rfe8 28. Re1 Qd6 29. Nf4 Nb4 30. a3 Na6 31. Qb2 Re4 32. b4 Rde8 33. Qc3 c5 34. bxc5 bxc5 35. d5 c4 36. Ne6 Nc7 37. Qc2 Re5 38. Qxc4 Nxd5 39. Nf4 Nb6 40. Qa6 R5e7 41. h4 g6 42. a4 Qb4 43. Ref1 f5 44. a5 Qc4 45. Qxc4 Nxc4 46. h5 Nxe3 47. Re1 g5 48. Nd3 f4 49. g3 fxg3 50. Rxg3 h6 51. Rf3 Kg7 52. Nb4 Re4 53. Nc6 a6 54. Re2 g4 55. Rg3 Kf6 56. Rb2 Kg5 57. Rf2 Nf5 58. Rc3 g3 59. Rf1 Kg4 60. Rc5 Nh4 61. Rc2 Nf3+ 62. Kh1 Re2 63. Rxe2 Rxe2 64. Rxf3 Kxf3 65. Nd4+ Kf2 66. Nxe2 Kxe2 67. Kg2 Ke3 68. Kxg3 Ke4 69. Kg4 Ke5 70. Kg3 Kf5 71. Kh4 Kf4 72. Kh3 Kg5 73. Kg3 Kxh5 74. Kf4 Kh4 75. Kf5 h5 76. Kf4 Kh3 77. Kf3 h4 78. Kf2 Kg4 79. Kg2 Kf4 1/2-1/2

[Event "BCF-chT 2324 (4NCL)"]
[Site "England"]
[Date "2024.02.11"]
[Round "6.2"]
[White "Garcia Martin, Marta"]
[Black "Wall, Tim"]
[Result "1-0"]
[WhiteElo "2351"]
[BlackElo "2198"]
[PlyCount "75"]
[EventDate "2023.11.11"]
[EventType "team-tourn"]
[EventRounds "11"]
[EventCountry "ENG"]
[SourceTitle "CB11_2024"]
[SourceDate "2024.03.13"]
[SourceVersion "1"]
[SourceVersionDate "2024.03.13"]
[SourceQuality "1"]
[WhiteTeam "The Sharks"]
[BlackTeam "Chessable White Rose"]
[WhiteTeamCountry "ENG"]
[BlackTeamCountry "ENG"]

1. e4 d5 2. exd5 Qxd5 3. Nf3 Bg4 4. Be2 Nc6 5. d4 0-0-0 6. Be3 e5 7. c4 Qa5+ 8. Bd2 Qa6 9. d5 Bxf3 10. gxf3 Nd4 11. Be3 Bc5 12. Bd3 Qf6 13. Kf1 Qh4 14. h3 f5 15. Nc3 f4 16. Bxd4 Bxd4 17. Qc2 a6 18. b4 Nf6 19. Rb1 g5 20. Ne4 Nxe4 21. Bxe4 Kb8 22. c5 g4 23. fxg4 h5 24. b5 a5 25. b6 c6 26. dxc6 bxc6 27. Rh2 Qe7 28. Qc4 Bxc5 29. Qa6 Qb7 30. Qxa5 Bd4 31. g5 h4 32. Rg2 f3 33. Rg4 Rd5 34. Bxd5 cxd5 35. g6 Rg8 36. Rxh4 e4 37. Rh7 Bg7 38. Rc1 1-0

[Event "EU-ch Rapid (Women)"]
[Site "Monaco"]
[Date "2024.01.14"]
[Round "11"]
[White "Garcia Martin, Marta"]
[Black "Javakhishvili, Lela"]
[Result "1-0"]
[WhiteElo "2342"]
[BlackElo "2433"]
[PlyCount "119"]
[EventDate "2024.01.13"]
[EventType "swiss (rapid)"]
[EventRounds "11"]
[EventCountry "MNC"]
[SourceTitle "CB03_2024"]
[SourceDate "2024.01.17"]
[SourceVersion "1"]
[SourceVersionDate "2024.01.17"]
[SourceQuality "1"]

1. e4 c5 2. Nc3 g6 3. d4 Bg7 4. dxc5 Qa5 5. Bd2 Qxc5 6. Nd5 Na6 7. Rb1 e6 8. Be3 Qa5+ 9. Bd2 Qd8 10. Bc3 Nf6 11. Nxf6+ Bxf6 12. e5 Bg7 13. Nf3 Nc7 14. Bb4 b6 15. Be2 Bb7 16. Bd6 Nd5 17. 0-0 Ne7 18. Nd4 Nc8 19. Nb5 f5 20. exf6 Qxf6 21. Nc7+ Kf7 22. Nxa8 Bxa8 23. Bg3 d5 24. Bd3 e5 25. Re1 e4 26. Bb5 Ne7 27. Ba4 h5 28. h3 Nf5 29. Bh2 Nh4 30. Bb3 Qf5 31. Bg3 Bf6 32. Qe2 Kg7 33. Rbd1 Rf8 34. c3 Rd8 35. Qd2 Bg5 36. Qd4+ Bf6 37. Qa4 a5 38. Qb5 d4 39. Qxf5 Nxf5 40. Bc7 Rc8 41. Bxb6 dxc3 42. bxc3 Bxc3 43. Rd7+ Kh6 44. Rc1 Bc6 45. Rc7 Rxc7 46. Bxc7 Nd4 47. Bc4 Bb4 48. Bf4+ g5 49. Be3 Nf5 50. Bb6 Ba4 51. Bb3 Bb5 52. Bc4 Ba4 53. Bd5 Bd2 54. Rc4 e3 55. fxe3 Bb5 56. Re4 g4 57. hxg4 hxg4 58. Rxg4 Kh5 59. Re4 Bd3 60. g4+ 1-0

[Event "EU-ch Rapid (Women)"]
[Site "Monaco"]
[Date "2024.01.14"]
[Round "6"]
[White "Zimina, Olga"]
[Black "Garcia Martin, Marta"]
[Result "0-1"]
[WhiteElo "2291"]
[BlackElo "2342"]
[PlyCount "84"]
[EventDate "2024.01.13"]
[EventType "swiss (rapid)"]
[EventRounds "11"]
[EventCountry "MNC"]
[SourceTitle "CB03_2024"]
[SourceDate "2024.01.17"]
[SourceVersion "1"]
[SourceVersionDate "2024.01.17"]
[SourceQuality "1"]

1. d4 Nf6 2. Nf3 c5 3. c3 d5 4. dxc5 e6 5. Be3 a5 6. b4 axb4 7. cxb4 b6 8. Nbd2 bxc5 9. bxc5 Nc6 10. Nd4 Bd7 11. N2b3 e5 12. Nxc6 Bxc6 13. Bg5 h6 14. Bxf6 Qxf6 15. e3 Qg5 16. Qf3 g6 17. h4 Qe7 18. h5 Bg7 19. hxg6 fxg6 20. Qg3 Qf6 21. Be2 0-0 22. 0-0 Ra3 23. Bf3 Qf7 24. Bg4 h5 25. Be2 Rfa8 26. Bd3 e4 27. Be2 Bxa1 28. Nxa1 Rxa2 29. Bxh5 Rxa1 30. Bxg6 Rxf1+ 31. Kxf1 Qg7 32. Kg1 Rf8 33. Qd6 Qf6 34. Qg3 Qg7 35. Qd6 Rf6 36. Qb8+ Qf8 37. Qg3 Qg7 38. Qb8+ Rf8 39. Qd6 Qa1+ 40. Kh2 Qf6 41. Qg3 Qg7 42. Kg1 Be8 0-1

[Event "EU-ch Blitz (Women)"]
[Site "Monaco"]
[Date "2024.01.12"]
[Round "4"]
[White "Garcia Martin, Marta"]
[Black "Rogozenco, Teodora Nana"]
[Result "1-0"]
[WhiteElo "2342"]
[BlackElo "1975"]
[PlyCount "25"]
[EventDate "2024.01.12"]
[EventType "swiss (blitz)"]
[EventRounds "13"]
[EventCountry "MNC"]
[SourceTitle "CB03_2024"]
[SourceDate "2024.01.17"]
[SourceVersion "1"]
[SourceVersionDate "2024.01.17"]
[SourceQuality "1"]

1. e4 e5 2. Nf3 Nc6 3. Bc4 Bc5 4. d3 Nf6 5. Nc3 a6 6. h3 Ba7 7. a4 d6 8. Bg5 h6 9. Bh4 Ne7 10. Bxf6 gxf6 11. Nh4 f5 12. Qh5 Be6 13. Bxe6 1-0

[Event "EU-ch Blitz (Women)"]
[Site "Monaco"]
[Date "2024.01.12"]
[Round "13"]
[White "Khotenashvili, Bela"]
[Black "Garcia Martin, Marta"]
[Result "1-0"]
[WhiteElo "2467"]
[BlackElo "2342"]
[PlyCount "90"]
[EventDate "2024.01.12"]
[EventType "swiss (blitz)"]
[EventRounds "13"]
[EventCountry "MNC"]
[SourceTitle "CB03_2024"]
[SourceDate "2024.01.17"]
[SourceVersion "1"]
[SourceVersionDate "2024.01.17"]
[SourceQuality "1"]

1. Nf3 Nf6 2. g3 b6 3. Bg2 Bb7 4. c4 g6 5. Nc3 Bg7 6. d4 0-0 7. Qc2 d5 8. Ne5 c5 9. dxc5 bxc5 10. 0-0 e6 11. Nd3 Nbd7 12. Na4 Rc8 13. Bf4 Qe7 14. Rac1 Ba6 15. b3 e5 16. Bg5 dxc4 17. bxc4 h6 18. Bd2 e4 19. Nf4 g5 20. Nd5 Nxd5 21. cxd5 f5 22. Bc3 Bxc3 23. Nxc3 e3 24. f4 g4 25. Qa4 Qd6 26. Rfd1 Rb8 27. Rb1 Rb4 28. Rxb4 cxb4 29. Nb5 Bxb5 30. Qxb5 Rb8 31. Qc6 Rb6 32. Qc8+ Kg7 33. Rc1 Qf8 34. Qxd7+ Qf7 35. Qxf7+ Kxf7 36. Rc7+ Ke8 37. Rxa7 b3 38. axb3 Rxb3 39. Ra6 Rb1+ 40. Bf1 Rd1 41. Re6+ Kd7 42. Rxe3 Rxd5 43. Rd3 Rxd3 44. exd3 Kd6 45. Kf2 Kd5 1-0

[Event "Benidorm Bali op-A"]
[Site "Benidorm"]
[Date "2023.12.08"]
[Round "9"]
[White "Ni, Viktorija"]
[Black "Garcia Martin, Marta"]
[Result "0-1"]
[WhiteElo "2139"]
[BlackElo "2355"]
[PlyCount "88"]
[EventDate "2023.12.01"]
[EventType "swiss"]
[EventRounds "9"]
[EventCountry "ESP"]
[SourceTitle "CB50_2023"]
[SourceDate "2023.12.13"]
[SourceVersion "1"]
[SourceVersionDate "2023.12.13"]
[SourceQuality "1"]

1. d4 e6 2. c4 b6 3. Nf3 Bb7 4. g3 Bb4+ 5. Bd2 Bxd2+ 6. Qxd2 Nf6 7. Nc3 0-0 8. Bg2 Ne4 9. Nxe4 Bxe4 10. Nh4 Bxg2 11. Nxg2 d5 12. b3 Nc6 13. Rc1 dxc4 14. Rxc4 Qd5 15. 0-0 Rfd8 16. Ne3 Qd6 17. d5 Ne5 18. Rh4 exd5 19. f4 Ng6 20. Rh5 Ne7 21. Re5 f6 22. Rh5 c5 23. Qd3 g6 24. Rh4 f5 25. g4 Qf6 26. g5 Qe6 27. Rh3 d4 28. Nc4 Nc6 29. a4 Rd7 30. Rf2 Re8 31. Rhf3 Qe4 32. Qd2 Red8 33. Nb2 Nb4 34. Nd3 Nxd3 35. exd3 Qd5 36. b4 c4 37. dxc4 Qxc4 38. Rd3 Re8 39. Re2 Re4 40. Kf2 Kf7 41. Qa2 Rxf4+ 42. Kg2 Rg4+ 43. Kf3 Qxa2 44. Rxa2 Rxg5 0-1

[Event "Benidorm Bali op-A"]
[Site "Benidorm"]
[Date "2023.12.02"]
[Round "2"]
[White "Garcia Martin, Marta"]
[Black "Atienza Alvarez, Javier"]
[Result "0-1"]
[WhiteElo "2355"]
[BlackElo "2125"]
[PlyCount "74"]
[EventDate "2023.12.01"]
[EventType "swiss"]
[EventRounds "9"]
[EventCountry "ESP"]
[SourceTitle "CB50_2023"]
[SourceDate "2023.12.13"]
[SourceVersion "1"]
[SourceVersionDate "2023.12.13"]
[SourceQuality "1"]

1. e4 e6 2. d4 d5 3. e5 c5 4. c3 Nc6 5. Nf3 Bd7 6. Be2 Nge7 7. 0-0 Ng6 8. Be3 cxd4 9. cxd4 f6 10. exf6 Qxf6 11. Nc3 Bd6 12. g3 0-0 13. Rc1 Kh8 14. Qd2 Nce7 15. Ng5 Nf5 16. f4 h6 17. Nf3 Nxe3 18. Qxe3 Nxf4 19. gxf4 Bxf4 20. Qf2 Bxc1 21. Rxc1 e5 22. dxe5 Qf4 23. Rd1 Bg4 24. Rd3 Qc1+ 25. Kg2 Qxb2 26. Nxd5 Rad8 27. Rb3 Qc2 28. Ne3 Qxa2 29. Nxg4 Qxb3 30. Ne3 Rd2 31. Nf1 Rb2 32. Ng3 a5 33. Ne4 Qd5 34. Nc3 Qc6 35. Nd1 Rxf3 36. Bxf3 Rxf2+ 37. Nxf2 Qg6+ 0-1

[Event "EU-chT (Women) 24th"]
[Site "Budva"]
[Date "2023.11.15"]
[Round "5.1"]
[White "Efroimski, Marsel"]
[Black "Garcia Martin, Marta"]
[Result "1/2-1/2"]
[WhiteElo "2448"]
[BlackElo "2350"]
[PlyCount "58"]
[EventDate "2023.11.11"]
[EventType "team-swiss"]
[EventRounds "9"]
[EventCountry "MNE"]
[SourceTitle "CB47_2023"]
[SourceDate "2023.11.22"]
[SourceVersion "1"]
[SourceVersionDate "2023.11.22"]
[SourceQuality "1"]
[WhiteTeam "Israel (W)"]
[BlackTeam "Spain (W)"]
[WhiteTeamCountry "ISR"]
[BlackTeamCountry "ESP"]

1. e4 e5 2. Nf3 Nc6 3. Bc4 Nf6 4. d3 Bc5 5. c3 d6 6. Bg5 h6 7. Bh4 a6 8. a4 Ba7 9. Nbd2 Qe7 10. 0-0 g5 11. Bg3 Bg4 12. b4 Nh5 13. Kh1 Nf4 14. b5 Na5 15. bxa6 bxa6 16. Bxa6 Qf6 17. Bxf4 Qxf4 18. Nc4 Nxc4 19. Bxc4 Bb6 20. a5 Bxa5 21. Bd5 Ra7 22. Qa4+ Ke7 23. Nd4 exd4 24. Qxd4 Bf3 25. Qxa7 Bxg2+ 26. Kxg2 Qg4+ 27. Kh1 Qf3+ 28. Kg1 Qg4+ 29. Kh1 Qf3+ 1/2-1/2

[Event "ESP-chT CECLUB Honor"]
[Site "Linares"]
[Date "2023.09.22"]
[Round "7.2"]
[White "Argandona Riveiro, Inigo"]
[Black "Garcia Martin, Marta"]
[Result "0-1"]
[WhiteElo "2340"]
[BlackElo "2319"]
[PlyCount "88"]
[EventDate "2023.09.16"]
[EventType "team-tourn"]
[EventRounds "7"]
[EventCountry "ESP"]
[SourceTitle "EXT 2024"]
[Source "ChessBase"]
[SourceDate "2023.10.10"]
[SourceVersion "1"]
[SourceVersionDate "2023.10.10"]
[SourceQuality "1"]
[WhiteTeam "Taldea Gros Xake"]
[BlackTeam "Andreu Paterna"]
[WhiteTeamCountry "ESP"]
[BlackTeamCountry "ESP"]

1. e4 c5 2. Nf3 d6 3. d4 cxd4 4. Nxd4 Nf6 5. Nc3 Nc6 6. Bg5 Bd7 7. Qd2 a6 8. 0-0-0 e6 9. f4 Be7 10. Nf3 b5 11. Bxf6 gxf6 12. Kb1 Qb6 13. f5 0-0-0 14. fxe6 fxe6 15. g3 Kb8 16. Bh3 Na5 17. Nd4 b4 18. Nce2 e5 19. Bxd7 Rxd7 20. Nf5 Nc4 21. Qd3 Rc8 22. Rhf1 Bf8 23. Nc1 a5 24. Nb3 d5 25. exd5 a4 26. Nd2 Na3+ 27. bxa3 Rc3 28. Nc4 Qc5 29. Nxe5 fxe5 30. Qe4 bxa3 31. Ka1 Rxc2 32. Qxe5+ Ka7 33. Rb1 Rb2 34. Rxb2 axb2+ 35. Qxb2 a3 36. Qf2 Rxd5 37. Qxc5+ Bxc5 38. g4 Rd2 39. h4 Bb4 40. Rc1 Bc3+ 41. Kb1 Rb2+ 42. Ka1 Be5 43. Rc5 Rc2+ 44. Rxe5 Rc1# 0-1

[Event "ESP-chT CECLUB Honor"]
[Site "Linares"]
[Date "2023.09.21"]
[Round "6.3"]
[White "Garcia Martin, Marta"]
[Black "Fataliyeva, Ulviyya Hasil Qizi"]
[Result "1-0"]
[WhiteElo "2319"]
[BlackElo "2387"]
[PlyCount "53"]
[EventDate "2023.09.16"]
[EventType "team-tourn"]
[EventRounds "7"]
[EventCountry "ESP"]
[SourceTitle "EXT 2024"]
[Source "ChessBase"]
[SourceDate "2023.10.10"]
[SourceVersion "1"]
[SourceVersionDate "2023.10.10"]
[SourceQuality "1"]
[WhiteTeam "Andreu Paterna"]
[BlackTeam "Jaime Casas"]
[WhiteTeamCountry "ESP"]
[BlackTeamCountry "ESP"]

1. e4 e5 2. Nf3 Nc6 3. Nc3 Nf6 4. Bb5 Nd4 5. 0-0 c6 6. Bd3 Nxf3+ 7. Qxf3 d6 8. Be2 Be7 9. d3 Rg8 10. Rd1 c5 11. Bg5 Be6 12. Qg3 Qd7 13. d4 Qc7 14. dxe5 dxe5 15. f4 h6 16. Bxf6 Bxf6 17. Bb5+ Kf8 18. f5 Bc8 19. Nd5 Qd8 20. Qa3 Be7 21. Nf6 gxf6 22. Rxd8+ Bxd8 23. Rd1 Be7 24. Qh3 a6 25. Qxh6+ Rg7 26. Rd3 Kg8 27. Rh3 1-0

[Event "Eindhoven Dutch (Women) Top 10 op"]
[Site "Eindhoven"]
[Date "2023.08.17"]
[Round "8"]
[White "Garcia Martin, Marta"]
[Black "Efroimski, Marsel"]
[Result "0-1"]
[WhiteElo "2321"]
[BlackElo "2439"]
[PlyCount "106"]
[EventDate "2023.08.10"]
[EventType "tourn"]
[EventRounds "9"]
[EventCountry "NED"]
[EventCategory "3"]
[SourceTitle "CBM 215 Extra"]
[Source "ChessBase"]
[SourceDate "2023.09.30"]
[SourceVersion "1"]
[SourceVersionDate "2023.09.30"]
[SourceQuality "1"]

1. e4 e6 2. d4 d5 3. e5 c5 4. c3 Nc6 5. Nf3 Bd7 6. Be2 Nge7 7. Na3 cxd4 8. cxd4 Nf5 9. Nc2 f6 10. exf6 Qxf6 11. 0-0 Bd6 12. Bg5 Qg6 13. Qd2 0-0 14. Nh4 Nxh4 15. Bxh4 Bf4 16. Qd1 Rac8 17. Bg3 Bg5 18. Ne1 Bf6 19. Nf3 Qh6 20. Bb5 Be8 21. Bd6 Rf7 22. Bxc6 Rxc6 23. Be5 Bd8 24. Rc1 Rf5 25. Rxc6 Bxc6 26. Re1 Qg6 27. Bg3 Qe8 28. Qe2 Rf6 29. Qe5 Bb6 30. Bh4 Rg6 31. Qd6 Qf8 32. Qxf8+ Kxf8 33. Ne5 Rh6 34. Bg5 Rh5 35. Be3 Bc7 36. g4 Rh4 37. Bg5 Bxe5 38. Bxh4 Bxd4 39. b3 e5 40. Bg3 e4 41. Rd1 Bf6 42. Bd6+ Kf7 43. Bc5 a6 44. Bd4 Bxd4 45. Rxd4 Kf6 46. Kg2 Ke5 47. Rd1 d4 48. Kg3 g5 49. h4 h6 50. hxg5 hxg5 51. Kg2 e3+ 52. Kf1 Bf3 53. Rc1 d3 0-1

[Event "Eindhoven Dutch (Women) Top 10 op"]
[Site "Eindhoven"]
[Date "2023.08.16"]
[Round "7"]
[White "Garcia Martin, Marta"]
[Black "Avramidou, Anastasia"]
[Result "1-0"]
[WhiteElo "2321"]
[BlackElo "2321"]
[PlyCount "123"]
[EventDate "2023.08.10"]
[EventType "tourn"]
[EventRounds "9"]
[EventCountry "NED"]
[EventCategory "3"]
[SourceTitle "CBM 215 Extra"]
[Source "ChessBase"]
[SourceDate "2023.09.30"]
[SourceVersion "1"]
[SourceVersionDate "2023.09.30"]
[SourceQuality "1"]

1. e4 e6 2. d4 d5 3. e5 c5 4. c3 Nc6 5. Nf3 Bd7 6. Be2 Nge7 7. Na3 Ng6 8. h4 cxd4 9. cxd4 Bb4+ 10. Kf1 Bxa3 11. bxa3 Nge7 12. h5 h6 13. Rb1 Qc7 14. a4 Na5 15. Ba3 Rc8 16. Bb4 Nc4 17. Nd2 Nxd2+ 18. Qxd2 Qc2 19. Bd3 Qxd2 20. Bxd2 Rc7 21. a5 Nf5 22. Rb4 Ne7 23. Rh4 0-0 24. Ke2 Rfc8 25. Rg4 Kh8 26. Rb2 Nc6 27. Rh4 a6 28. Ke3 Na7 29. Rh1 Bb5 30. Bb1 Rc4 31. Bd3 Ra4 32. Bc2 Rac4 33. Bb3 R4c7 34. Rhb1 Bd7 35. a4 Nc6 36. Bd1 Nd8 37. Bb4 Rc1 38. Bc5 Rxb1 39. Rxb1 Bc6 40. Be7 Kg8 41. f4 Be8 42. Bxd8 Rxd8 43. Rxb7 Rc8 44. Rb6 Rc3+ 45. Kd2 Rc4 46. Kd3 Bxa4 47. Bxa4 Rxa4 48. Rxa6 Ra3+ 49. Kc2 Kh7 50. Ra7 Ra2+ 51. Kb3 Rd2 52. Rxf7 Rxd4 53. a6 Rd1 54. a7 Ra1 55. f5 d4 56. fxe6 d3 57. Kc3 Ra3+ 58. Kd2 Kg8 59. Rb7 Kh7 60. e7 Ra2+ 61. Kxd3 Ra6 62. Rb8 1-0

[Event "Eindhoven Dutch (Women) Top 10 op"]
[Site "Eindhoven"]
[Date "2023.08.15"]
[Round "6"]
[White "Papp, Petra"]
[Black "Garcia Martin, Marta"]
[Result "1-0"]
[WhiteElo "2335"]
[BlackElo "2321"]
[PlyCount "80"]
[EventDate "2023.08.10"]
[EventType "tourn"]
[EventRounds "9"]
[EventCountry "NED"]
[EventCategory "3"]
[SourceTitle "CBM 215 Extra"]
[Source "ChessBase"]
[SourceDate "2023.09.30"]
[SourceVersion "1"]
[SourceVersionDate "2023.09.30"]
[SourceQuality "1"]

1. d4 d5 2. c4 e6 3. Nf3 Nf6 4. Nc3 a6 5. cxd5 exd5 6. Bg5 Be6 7. e3 Nbd7 8. Bd3 Bd6 9. 0-0 c6 10. Bh4 h6 11. Kh1 Qc7 12. Rc1 0-0 13. Nd2 Be7 14. f4 Nb6 15. Bxf6 Bxf6 16. Qh5 Qe7 17. Rce1 Rfe8 18. Nf3 Nc4 19. Bxc4 g6 20. Qxh6 Bg7 21. Qg5 dxc4 22. Qg3 c5 23. f5 gxf5 24. d5 Bd7 25. e4 Qf6 26. e5 Qh6 27. Nh4 Qh5 28. h3 Kh8 29. Nf3 Bh6 30. Qf2 b6 31. Re2 Rg8 32. e6 fxe6 33. Ne5 Bc8 34. dxe6 Bxe6 35. Nf3 Rae8 36. Rfe1 Bd7 37. Nd5 Rxe2 38. Rxe2 Bg7 39. Ne5 Re8 40. Nf4 Qh6 1-0

[Event "EU-ch (Women) 23rd"]
[Site "Petrovac"]
[Date "2023.03.26"]
[Round "8"]
[White "Garcia Martin, Marta"]
[Black "Sieber, Fiona"]
[Result "0-1"]
[WhiteElo "2306"]
[BlackElo "2217"]
[PlyCount "60"]
[EventDate "2023.03.18"]
[EventType "swiss"]
[EventRounds "11"]
[EventCountry "MNE"]
[SourceTitle "CBM 213 Extra"]
[Source "ChessBase"]
[SourceDate "2023.05.31"]
[SourceVersion "1"]
[SourceVersionDate "2023.05.31"]
[SourceQuality "1"]

1. e4 e5 2. Nf3 Nc6 3. Bc4 Nf6 4. d3 h6 5. 0-0 d6 6. a4 g6 7. Nc3 Bg7 8. a5 0-0 9. a6 b6 10. h3 Na5 11. Ba2 c5 12. Bc4 Be6 13. Bb5 Qc7 14. Nh2 d5 15. Ng4 Nxg4 16. exd5 Nxf2 17. Rxf2 Bf5 18. Ne4 Rad8 19. c4 Bc8 20. Bd2 f5 21. Nc3 e4 22. Bf4 Be5 23. Bxe5 Qxe5 24. Re2 e3 25. Re1 f4 26. Qf3 Nb3 27. Rad1 Nd4 28. Qe4 Qg5 29. Kh1 f3 30. g4 e2 0-1

[Event "EU-ch (Women) 23rd"]
[Site "Petrovac"]
[Date "2023.03.23"]
[Round "6"]
[White "Garcia Martin, Marta"]
[Black "Arabidze, Meri"]
[Result "0-1"]
[WhiteElo "2306"]
[BlackElo "2433"]
[PlyCount "62"]
[EventDate "2023.03.18"]
[EventType "swiss"]
[EventRounds "11"]
[EventCountry "MNE"]
[SourceTitle "CBM 215 Extra"]
[Source "ChessBase"]
[SourceDate "2023.09.30"]
[SourceVersion "1"]
[SourceVersionDate "2023.09.30"]
[SourceQuality "1"]

1. e4 c5 2. Nf3 e6 3. c3 Nf6 4. e5 Nd5 5. d4 cxd4 6. cxd4 d6 7. Bc4 Nb6 8. Bd3 Nc6 9. exd6 Bxd6 10. 0-0 Nb4 11. Be4 N4d5 12. Nc3 0-0 13. a4 a5 14. Ne5 Bd7 15. Qd3 f5 16. Bxd5 Nxd5 17. Nxd5 exd5 18. Bf4 Ra6 19. Rfe1 Bb4 20. Bd2 Rb6 21. Bxb4 Rxb4 22. b3 f4 23. Rac1 Bf5 24. Qd2 Rxb3 25. Qxf4 Rb4 26. Rc5 Rxa4 27. Rec1 Rb4 28. Qd2 h6 29. Qa2 Rxd4 30. Rxa5 Qc7 31. Re1 Qxe5 0-1